[Event "DRUGA LIGA CENTRALNE SRBIJE 2011 - ZAPAD"]
[Site "?"]
[Date "2011.10.13"]
[Round "6.5"]
[White "Jovanovic, Dusan D"]
[Black "Irizanin, Radoje"]
[Result "1/2-1/2"]
[WhiteElo "2366"]
[BlackElo "2338"]
[PlyCount "100"]
[EventDate "2011.09.11"]

1. Nf3 c5 2. b3 Nc6 3. Bb2 d6 4. d4 cxd4 5. Nxd4 Nf6 6. e3 e5 7. Nxc6 bxc6 8.
Be2 Be7 9. O-O O-O 10. c4 Re8 11. Nc3 Bf8 12. Qc2 Qc7 13. Rac1 Be6 14. Rfd1 a5
15. Bf3 Rad8 16. Qb1 Bc8 17. Rd2 Nd7 18. Ba3 Nc5 19. Rcd1 Be7 20. Bxc5 dxc5 21.
Qe4 Rxd2 22. Rxd2 Bb7 23. Bg4 Rd8 24. Rxd8+ Qxd8 25. Qc2 g6 26. Qd1 f5 27.
Qxd8+ Bxd8 28. Bd1 Kf7 29. e4 Bc8 30. Bf3 Bd7 31. Kf1 Ke6 32. exf5+ gxf5 33. g4
Kd6 34. gxf5 Bxf5 35. Ke2 h6 36. Be4 Be6 37. Bg6 Be7 38. Ne4+ Kc7 39. a4 Kd7
40. Ng3 Kd6 41. Bf5 Bf7 42. Kf3 Kc7 43. Kg4 Bg5 44. Ne4 Bf4 45. h4 h5+ 46. Kf3
Bh6 47. Nxc5 Bf8 48. Ne4 Be7 49. Kg3 Kb6 50. Kh3 Be8 1/2-1/2

[Event "DRUGA LIGA CENTRALNE SRBIJE 2011 - ZAPAD"]
[Site "?"]
[Date "2011.10.13"]
[Round "6.5"]
[White "Mirkovic, Stevan"]
[Black "Popovic, Predrag R"]
[Result "0-1"]
[WhiteElo "2237"]
[BlackElo "2248"]
[PlyCount "56"]
[EventDate "2011.09.11"]

1. Nf3 d5 2. d4 Nf6 3. c4 e6 4. Nc3 dxc4 5. e3 c5 6. Bxc4 Be7 7. O-O a6 8. a4
O-O 9. Qe2 Qc7 10. Rd1 b6 11. d5 exd5 12. Bxd5 Bb7 13. e4 Nxd5 14. exd5 Bd6 15.
Ne4 Nd7 16. Nfg5 h6 17. Qh5 hxg5 18. Ra3 g4 19. Bh6 Bxh2+ 20. Kh1 Qe5 21. Qxg4
f5 22. Qg6 fxe4 23. Bxg7 Qxg7 24. Qe6+ Rf7 25. Kxh2 Qe5+ 26. Rg3+ Kf8 27. Kg1
Qxe6 28. dxe6 Rg7 0-1

[Event "DRUGA LIGA CENTRALNE SRBIJE 2011 - ZAPAD"]
[Site "?"]
[Date "2011.10.13"]
[Round "6.5"]
[White "Roljevic, Djordje"]
[Black "Antic, Nenad"]
[Result "1-0"]
[WhiteElo "2053"]
[BlackElo "2077"]
[PlyCount "49"]
[EventDate "2011.09.11"]

1. d4 d5 2. Nf3 Nf6 3. c4 e6 4. Bg5 Be7 5. e3 O-O 6. Nc3 h6 7. Bxf6 Bxf6 8. Qd2
b6 9. O-O-O Bb7 10. cxd5 exd5 11. g4 c5 12. h4 g6 13. g5 hxg5 14. hxg5 Bxg5 15.
Nxg5 Qxg5 16. f4 Qf6 17. Qh2 Rd8 18. f5 gxf5 19. Bd3 Kf8 20. Rdf1 cxd4 21. Rxf5
Qe6 22. Re5 Qf6 23. Rf1 Qg7 24. Rg1 Qf6 25. Bh7 1-0

[Event "DRUGA LIGA CENTRALNE SRBIJE 2011 - ZAPAD"]
[Site "?"]
[Date "2011.10.13"]
[Round "6.5"]
[White "Pajic, Boris"]
[Black "Radosavljevic, Slobodan S"]
[Result "1/2-1/2"]
[WhiteElo "2044"]
[BlackElo "2203"]
[PlyCount "85"]
[EventDate "2011.09.11"]

1. d4 Nf6 2. c4 c6 3. Nc3 d5 4. Bf4 e6 5. e3 Bd6 6. Bxd6 Qxd6 7. Nf3 O-O 8. Bd3
Nbd7 9. O-O e5 10. dxe5 Nxe5 11. Nxe5 Qxe5 12. cxd5 cxd5 13. h3 Be6 14. Qa4 a6
15. Ne2 Rac8 16. Qd4 Qg5 17. Qf4 h6 18. Qxg5 hxg5 19. Rfc1 Ne4 20. Rxc8 Rxc8
21. Rc1 Nc5 22. Bb1 b5 23. b4 Na4 24. Rxc8+ Bxc8 25. Bc2 Nb6 26. Nc3 Kf8 27. a4
bxa4 28. Nxa4 Nxa4 29. Bxa4 Ke7 30. Kf1 Bd7 31. Bb3 Kd6 32. Ke2 Bb5+ 33. Kd2
Bf1 34. Bc2 Kc6 35. Ba4+ Kb6 36. g3 Bxh3 37. Kc3 Kc7 38. Kd4 Kd6 39. Bb3 Bg2
40. Bd1 Bh3 41. Bf3 Be6 42. Bg2 f6 43. f3 1/2-1/2